[Event "FRA-chT2 0910"]
[Site "France"]
[Date "2009.10.18"]
[Round "3.7"]
[White "Hubert, Raphael"]
[Black "Villeseche, Yoann"]
[Result "1-0"]
[WhiteElo "2006"]
[BlackElo "1934"]
[PlyCount "95"]
[EventDate "2009.09.27"]
[EventType "team-tourn"]
[EventRounds "11"]
[EventCountry "FRA"]
[SourceTitle "EXT 2011"]
[Source "ChessBase"]
[SourceDate "2010.11.26"]
[SourceVersion "1"]
[SourceVersionDate "2010.11.26"]
[SourceQuality "1"]

1. e4 c6 2. d4 d5 3. e5 Bf5 4. Nf3 e6 5. Nc3 Nd7 6. Bd3 Bxd3 7. Qxd3 Ne7 8. Ne2 Qc7 9. Nf4 Qa5+ 10. c3 Qb5 11. Qd2 Nf5 12. a4 Qa6 13. Ng5 g6 14. h4 h6 15. Nxg6 Rg8 16. Nxf8 Nxf8 17. g4 hxg5 18. gxf5 gxh4 19. Qe2 Qb6 20. Bh6 0-0-0 21. Bxf8 Rdxf8 22. b4 Rg5 23. fxe6 fxe6 24. 0-0-0 Rgf5 25. a5 Qb5 26. Qxb5 cxb5 27. Rd2 Rxf2 28. Rxf2 Rxf2 29. Rxh4 Rf7 30. Kd2 a6 31. Ke3 Kc7 32. Rh8 Rg7 33. Kf4 Kd7 34. Rf8 Kc7 35. Rf6 Kd7 36. Rh6 Ke7 37. Rh5 Kd7 38. Rg5 Rf7+ 39. Kg4 Rh7 40. Rg6 Ke7 41. Kg5 Rf7 42. Kh6 Rf3 43. Rg7+ Kd8 44. Kg6 Rxc3 45. Kf6 Rc4 46. Kxe6 Rxd4 47. Kd6 Ke8 48. e6 1-0

[Event "FRA-chT4 0506"]
[Site "Bretagne"]
[Date "2006.01.15"]
[Round "4"]
[White "Villeseche, Yoann"]
[Black "Le Gall, Tristan"]
[Result "1-0"]
[WhiteElo "1900"]
[BlackElo "1850"]
[PlyCount "87"]
[EventDate "2005.10.16"]
[EventType "team"]
[EventRounds "7"]
[EventCountry "FRA"]
[SourceTitle "EXT 2007"]
[Source "ChessBase"]
[SourceDate "2006.11.23"]
[SourceVersion "1"]
[SourceVersionDate "2006.11.23"]
[SourceQuality "1"]

1. e4 e6 2. d4 d5 3. exd5 exd5 4. Bd3 Bd6 5. Ne2 Ne7 6. Bf4 0-0 7. 0-0 Bf5 8. Bxf5 Nxf5 9. Qd3 Qf6 10. Bxd6 Nxd6 11. Nd2 Nc6 12. c3 Rfe8 13. Ng3 Re6 14. Rae1 Rae8 15. Rxe6 Rxe6 16. Nf3 h6 17. Nh5 Qg6 18. Qxg6 Rxg6 19. Nf4 Kh7 20. Nxg6 Kxg6 21. Nd2 Kf5 22. Re1 Ne4 23. Re2 Nxd2 24. Rxd2 Ke4 25. Kf1 f5 26. Ke2 f4 27. f3+ Kf5 28. g4+ Ke6 29. Kd3 Kd7 30. b3 Nd8 31. c4 c6 32. h4 Ne6 33. a4 a5 34. c5 Kc7 35. Re2 Kd7 36. b4 axb4 37. Rb2 g5 38. Rxb4 Kc7 39. Rb2 Kc8 40. Rh2 Kb8 41. hxg5 hxg5 42. Rh6 Nd8 43. Rg6 Nf7 44. Rg7 1-0